NFL Rushing Leaders: Minnesota Vikings - Statistics

General Stats
  • This quiz has been taken 73 times
  • The average score is 4 of 10
Answer Stats
Rank Player Yards Years w/ Team % Correct
1 AdrianPeterson 11747 2007-2016
100%
3 DalvinCook 5993 2017-2022
88%
2 RobertSmith 6818 1993-2000
57%
4 ChuckForeman 5887 1973-1979
42%
5 BillBrown 5757 1962-1974
27%
6 TedBrown 4546 1979-1986
27%
10 MichaelBennett 3174 2001-2005
13%
8 DarrinNelson 4231 1982-1989;1991-1992
10%
7 DaveOsborn 4320 1965-1975
9%
9 TommyMason 3252 1961-1966
4%
No matching quizzes found
Score Distribution
Percent of People with Each Score
Percentile by Number Answered
Your Score History
You have not taken this quiz